Anexionismo y Resistencia : Relaciones Dominio Norteamericana en tiempo de General Baez y Luperon / Diomedes Nuñez Polanco (Registro nro. 11856)

Detalles MARC
000 -LEADER
fixed length control field 00573nam a22001931a 4500
001 - CONTROL NUMBER
control field 11856
003 - CONTROL NUMBER IDENTIFIER
control field OSt
005 - DATE AND TIME OF LATEST TRANSACTION
control field 20260204212259.0
008 - FIXED-LENGTH DATA ELEMENTS--GENERAL INFORMATION
fixed length control field 131207s2006|||| ||||||b||||||||||spa||
020 ## - NUMERO DE LIBRO INTERNACIONAL NORMALIZADO
International Standard Book Number 8492311304
082 ## - DEWEY DECIMAL CLASSIFICATION NUMBER
Classification number RD972.93052 N349a
100 ## - ASIENTO PRINCIPAL -- NOMBRE PERSONAL
Personal name Nuñez Polanco, Diomedes
245 ## - TÍTULO PROPIAMENTE DICHO: SUBTÍTULO
Title Anexionismo y Resistencia : Relaciones Dominio Norteamericana en tiempo de General Baez y Luperon / Diomedes Nuñez Polanco
250 ## - MENCIÓN DE EDICIÓN
Edition statement 2 ed.
264 ## - PRODUCTION, PUBLICATION, DISTRIBUTION, MANUFACTURE, AND COPYRIGHT NOTICE
Place of production, publication, distribution, manufacture Santo Domingo : Alfa y Omega
300 ## - PHYSICAL DESCRIPTION
Extensión 303 P
500 ## - GENERAL NOTE
General note Historia Republica DominicnaÌ
942 ## - ADDED ENTRY ELEMENTS (KOHA)
Source of classification or shelving scheme Dewey Decimal Classification
Koha item type Libros
Existencias
Withdrawn status Lost status Source of classification or shelving scheme Damaged status Not for loan Current library Date acquired Total Checkouts Full call number Barcode Date last seen Price effective from Koha item type
    Dewey Decimal Classification     Biblioteca UTECO 09/09/2019   RD972.93052 N349A 017255 09/09/2019 09/09/2019 Libros
© 2021 Derechos Reservados UTECO - Teléfono: +1 809-585-2291 - Correo electrónico: biblioteca@uteco.edu.do​  
Código postal 43000 ​​
Dirección: Avenida Universitaria No. 100, 
Cotuí, Provincia Sánchez Ramírez, República Dominicana - RNC: 404-00059-6